000 00637nam a2200265Ia 4500
005 20260121171534.0
008 008 260114s9999 xx 000 0 eng d
020 _a9783030324520
037 _aEBOOK
040 _aCRL
040 _beng
040 _cCRL
041 _2eng
041 _aeng
084 _qCRL
100 _aEdmund Chapman
_91077457
245 4 _aThe Afterlife of Texts in Translation
260 _bSpringer
260 _bSpringer
260 _c2019
856 _uhttps://link.springer.com/openurl?genre=book&isbn=978-3-030-32452-0
942 _cEBOOK
999 _c1643188
_d1643188